| 000 | 00542nam a2200181 i 4500 | ||
|---|---|---|---|
| 001 | 58680 | ||
| 003 | ES-MaACL | ||
| 005 | 20240518063028.0 | ||
| 007 | t| | ||
| 008 | 031023s1902 po ||||1| por d | ||
| 100 | 1 |
_aQueirós, Eça de, _d1845-1900 _994499 |
|
| 245 | 1 | 2 |
_aA correspondecia de Fradique Mendes _b: (memoria e notas) / _cJosé María Eça de Queiroz. |
| 250 | _a2ª ed. | ||
| 260 |
_aPorto : _b[s.n.], _c1902 ( _fImp. Moderna) |
||
| 300 |
_a248 p. ; _c18 cm. |
||
| 852 |
_aES-MaACL _jD-1408 |
||
| 999 |
_c58680 _d58680 |
||